00322nam a22000977a 4500003000400000082001600004100004000020245008400060260007200144300000800216SGT a301.2bA02V aवर्मा, हरिदेव a असहयोग आंदोलन व अन्य शोध पत्र  bमधु लिमये स्मृति न्यास c2002 a172